F1 drivers with the most wins - Statistics

General Stats
  • This quiz has been taken 64 times
  • The average score is 9 of 11
Answer Stats
Wins Country Seasons Driver % Correct
71 Netherlands 2015- Max Verstappen
100%
105 United Kingdom 2007- Lewis Hamilton
98%
91 Germany 1991-20062010-2012 Michael Schumacher
98%
41 Brazil 1984-1994 Ayrton Senna
93%
53 Germany 2007-2022 Sebastian Vettel
90%
32 Spain 20012003-2018 2021- Fernando Alonso
86%
25 Austria 1971-19791982-1985 Niki Lauda
86%
51 France 1980-19911993 Alain Prost
83%
31 United Kingdom 1980-19921994-1995 Nigel Mansell
59%
27 United Kingdom 1965-1973 Jackie Stewart
53%
25 United Kingdom 1960-1968 Jim Clark
51%
No matching quizzes found
Score Distribution
Percent of People with Each Score
Percentile by Number Answered
Your Score History
You have not taken this quiz